| 000 | 00400nam a2200145Ia 4500 | ||
|---|---|---|---|
| 020 | _a0870066919 | ||
| 082 |
_a629.2222 _bGOO |
||
| 100 |
_aQadri, Sabir _947479 |
||
| 245 |
_aAutomotive encyclopedia _cQadri, Sabir |
||
| 260 |
_aSouth Holland : _bGoodheart-Willcox , _c1989 |
||
| 300 |
_a815.: _bill,; _c30 cm. |
||
| 526 |
_a0 _b0 _c0 _d629_222200000000000_GOO |
||
| 650 |
_aMCE _9379 |
||
| 942 |
_2ddc _cBK |
||
| 999 |
_c550722 _d550722 |
||